Economics. / (Record no. 6561)

MARC details
000 -LEADER
fixed length control field 01864nam a22001697a 4500
008 - FIXED-LENGTH DATA ELEMENTS--GENERAL INFORMATION
fixed length control field 180416b xxu||||| |||| 00| 0 eng d
020 ## - INTERNATIONAL STANDARD BOOK NUMBER
International Standard Book Number 9780321469526
050 ## - LIBRARY OF CONGRESS CALL NUMBER
Classification number HB171.5.P313
100 ## - MAIN ENTRY--PERSONAL NAME
Personal name Parkin, Michael.
245 ## - TITLE STATEMENT
Title Economics. /
250 ## - EDITION STATEMENT
Edition statement 8th ed.
260 ## - PUBLICATION, DISTRIBUTION, ETC.
Place of publication, distribution, etc. Singapore:
Name of publisher, distributor, etc. Pearson,
Date of publication, distribution, etc. 2008.
300 ## - PHYSICAL DESCRIPTION
Extent xlvi, 798p. : ill. ;
Dimensions 24cm.
500 ## - GENERAL NOTE
General note Includes glossary and index.
505 ## - FORMATTED CONTENTS NOTE
Formatted contents note Contents: Part 1: Introduction: 1. What is economics? -- 2. The economic problem -- Part 2: How markets work: 3. Demand and supply -- 4. Elasticity -- 5. Efficiency and equity -- 6. Markets in action -- Part 3: Households' choice -- 7. Utility and demand -- 8. Possibilities, Preferences, and choices -- Part 4: Firms and markets: 9. Organizing production -- 10. Output and costs -- 11. Perfect competition -- 12 Monopoly -- 13. Monopolistic competition and oligopoly -- Part 5: Market failue and government: -- 14. Regulation and antitrust law -- 15. Externalities -- 16. Public goods and common resources -- Part 6: Factor markets, inequality, and uncertainty: 17. Markets for factors of production -- 18. Economic inequality -- 19. Uncertainty and information -- Macroeconomic overview: 20. A first look at macroeconomics -- 21. Measuring GDP and economic -- 22. Monitoring jobs and the price level -- Part 8: The economy in the long run: 23. At full employment: the classical model -- 24. Economic growth -- 25. Money, the price level, and inflation -- 26. The exchange rate and the balance of payments -- Part 9: The economy in the short run: 27. Aggregate supply and aggregate demand -- 28. Expenditure multipliers: the Keynesian model -- 29. U.S. inflation, unemployment, and business cycles -- Part 10: Macroeconomic policy -- 30. Fiscal policy -- 31. Monetary policy -- Part 11. The global economy: 32. Trading with the world.
942 ## - ADDED ENTRY ELEMENTS (KOHA)
Source of classification or shelving scheme Library of Congress Classification
Koha item type Books
Holdings
Withdrawn status Lost status Source of classification or shelving scheme Damaged status Not for loan Home library Current library Shelving location Date acquired Total Checkouts Full call number Barcode Date last seen Copy number Price effective from Koha item type
    Library of Congress Classification     WISCONSIN INTERNATIONAL UNIVERSITY COLLEGE, GHANA - MAIN LIBRARY WISCONSIN INTERNATIONAL UNIVERSITY COLLEGE, GHANA - MAIN LIBRARY General Stacks 16/04/2018   HB 171. 5 . P313 8188/006/18 16/04/2018 1 16/04/2018 Books

If you have any concerns or questions; kindly contact the library


© Powered by WIUC ICT DIRECTORATE